| 000 | 00369nam a22001577a 4500 | ||
|---|---|---|---|
| 003 | macl | ||
| 005 | 20240911142011.0 | ||
| 008 | 240911b |||||||| |||| 00| 0 eng d | ||
| 040 | _cmacl | ||
| 082 | _a330 | ||
| 100 |
_achidambaram.p _982476 |
||
| 245 | _aA VIEW FROM THE OUTSIDE | ||
| 260 |
_aNew delhi _bp.chidambaram _c2008 |
||
| 650 | _aEconomics | ||
| 942 |
_2ddc _cBK |
||
| 999 |
_c66989 _d66989 |
||